Audels electronic devices with industrial applications for electronics electricians maintenance men operators and studen (Record no. 1767)

MARC details
000 -LEADER
fixed length control field 00658nam a2200193Ia 4500
003 - CONTROL NUMBER IDENTIFIER
control field IN-BaIIA
008 - FIXED-LENGTH DATA ELEMENTS--GENERAL INFORMATION
fixed length control field 211028s9999 xx 000 0 eng d
040 ## - CATALOGING SOURCE
Transcribing agency IIA Library
080 ## - UNIVERSAL DECIMAL CLASSIFICATION NUMBER
Universal Decimal Classification number 621.38
Item number AND
100 ## - MAIN ENTRY--PERSONAL NAME
Personal name Anderson, E. P
9 (RLIN) 3445
245 #0 - TITLE STATEMENT
Title Audels electronic devices with industrial applications for electronics electricians maintenance men operators and studen
Statement of responsibility, etc. E. P. Anderson
260 ## - PUBLICATION, DISTRIBUTION, ETC.
Place of publication, distribution, etc. New York,
Name of publisher, distributor, etc. Theo. Audel
Date of publication, distribution, etc. 1952
300 ## - PHYSICAL DESCRIPTION
Extent vi, 279p.
650 ## - SUBJECT ADDED ENTRY--TOPICAL TERM
Topical term or geographic name entry element Electronic devices
9 (RLIN) 3313
650 ## - SUBJECT ADDED ENTRY--TOPICAL TERM
Topical term or geographic name entry element Electronics
9 (RLIN) 1576
650 ## - SUBJECT ADDED ENTRY--TOPICAL TERM
Topical term or geographic name entry element Industrial electronics
9 (RLIN) 2137
650 ## - SUBJECT ADDED ENTRY--TOPICAL TERM
Topical term or geographic name entry element NASA thesaurus
942 ## - ADDED ENTRY ELEMENTS (KOHA)
Koha item type Books
Holdings
Withdrawn status Lost status Damaged status Not for loan Home library Current library Shelving location Date acquired Total Checkouts Full call number Barcode Date last seen Price effective from Koha item type
        IIA Library-Bangalore IIA Library-Bangalore General Stacks     621.38/ AND 1933 05/11/2021   Books

Powered by Koha